[Event "GBR-ch 99th"]
[Site "North Shields"]
[Date "2012.07.31"]
[Round "8"]
[White "Foster, James M"]
[Black "Roe, Simon J"]
[Result "0-1"]
[WhiteElo "2037"]
[BlackElo "2275"]
[PlyCount "80"]
[EventDate "2012.07.23"]
[EventType "swiss"]
[EventRounds "11"]
[EventCountry "ENG"]
[Source "John Saunders"]
[SourceDate "2015.07.24"]

1. e4 Nf6 2. e5 Nd5 3. d4 d6 4. Nf3 dxe5 5. Nxe5 c6 6. c4 Nb4 7. Nd3 e5 8. dxe5
Bf5 9. Nxb4 Qxd1+ 10. Kxd1 Bxb4 11. Bd2 Na6 12. Nc3 O-O-O 13. Kc1 Rhe8 14. f4
f6 15. exf6 gxf6 16. g3 Nc5 17. h4 Rxd2 18. Kxd2 Ne4+ 19. Kc2 Nf2+ 20. Kb3 Bxc3
21. Rh2 Bd4 22. a3 Re3+ 23. Ka2 Rxg3 24. Re1 Rg1 25. Rg2 Rxg2 26. Bxg2 Kd7 27.
b3 b6 28. Bf3 Nd3 29. Rf1 c5 30. Be2 Ke6 31. b4 Be4 32. Kb3 Kf5 33. bxc5 bxc5
34. Bxd3 Bxd3 35. Rd1 Be4 36. Rf1 h5 37. a4 a5 38. Ka3 Bd3 39. Rf3 Bxc4 40. Rg3
Be2 0-1

[Event "GBR-ch 99th"]
[Site "North Shields"]
[Date "2012.07.31"]
[Round "8"]
[White "Gordon, Stephen J"]
[Black "Howell, David"]
[Result "1/2-1/2"]
[WhiteElo "2539"]
[BlackElo "2620"]
[PlyCount "123"]
[EventDate "2012.07.23"]
[EventType "swiss"]
[EventRounds "11"]
[EventCountry "ENG"]
[Source "John Saunders"]
[SourceDate "2015.07.24"]

1. d4 Nf6 2. c4 g6 3. Nc3 d5 4. Nf3 Bg7 5. Qb3 dxc4 6. Qxc4 O-O 7. e4 Be6 8. d5
Bc8 9. Be2 c6 10. O-O cxd5 11. exd5 Ne8 12. Re1 Nd6 13. Qa4 Nd7 14. Bf4 Nb6 15.
Qb3 Bg4 16. Ne5 Bxe2 17. Rxe2 Rc8 18. Rd1 Nd7 19. Nxd7 Qxd7 20. Be5 Bxe5 21.
Rxe5 b5 22. Rde1 Rfe8 23. g3 a5 24. a4 Nc4 25. R5e2 b4 26. Ne4 Red8 27. Nd2 Nb6
28. Rxe7 Qxd5 29. Qxd5 Rxd5 30. Ne4 Kf8 31. Rb7 Nxa4 32. b3 Nc3 33. Nf6 Rf5 34.
Nd7+ Kg7 35. f4 h5 36. Re5 Nd5 37. Rxf5 gxf5 38. Ne5 Rc1+ 39. Kf2 Rc2+ 40. Kg1
Rc1+ 41. Kg2 Ne3+ 42. Kh3 Kf6 43. Rxf7+ Ke6 44. Ra7 Rc3 45. Rxa5 Rxb3 46. Nc6
Rb2 47. Re5+ Kd6 48. Rxe3 Kxc6 49. Kh4 Rxh2+ 50. Kg5 Rh3 51. Kxf5 Kd5 52. Kg5
Kd4 53. Re1 b3 54. f5 Rxg3+ 55. Kxh5 b2 56. f6 Rf3 57. Kg6 Kc3 58. f7 Kd2 59.
Rb1 Kc2 60. Rxb2+ Kxb2 61. Kg7 Rxf7+ 62. Kxf7 1/2-1/2

[Event "GBR-ch 99th"]
[Site "North Shields"]
[Date "2012.07.31"]
[Round "8"]
[White "Grattage, Matthew"]
[Black "Chapman, Terry PD"]
[Result "0-1"]
[WhiteElo "1986"]
[BlackElo "2290"]
[PlyCount "70"]
[EventDate "2012.07.23"]
[EventType "swiss"]
[EventRounds "11"]
[EventCountry "ENG"]
[Source "John Saunders"]
[SourceDate "2015.07.24"]

1. c4 Nf6 2. Nf3 d6 3. d4 g6 4. Nc3 Bg7 5. g3 O-O 6. Bg2 Nc6 7. O-O Bg4 8. Ne1
Qc8 9. Bg5 h6 10. Be3 Bh3 11. f3 Qe6 12. Qd2 Bxg2 13. d5 Qh3 14. Nxg2 Ne5 15.
b3 Nfg4 16. fxg4 Nxg4 17. Rf4 Qxh2+ 18. Kf1 Nxe3+ 19. Qxe3 Qh1+ 20. Qg1 Qxg1+
21. Kxg1 Bxc3 22. Raf1 a5 23. a4 c6 24. Re4 Be5 25. g4 e6 26. dxe6 fxe6 27. Rd1
c5 28. Nh4 Kg7 29. e3 g5 30. Ng2 Kf6 31. Ne1 Ke7 32. Kg2 Bg7 33. Nc2 Rf7 34.
Na3 Raf8 35. Nb5 Be5 0-1

[Event "GBR-ch 99th"]
[Site "North Shields"]
[Date "2012.07.31"]
[Round "8"]
[White "Hanley, Craig"]
[Black "Turner, Matthew"]
[Result "0-1"]
[WhiteElo "2419"]
[BlackElo "2508"]
[PlyCount "154"]
[EventDate "2012.07.23"]
[EventType "swiss"]
[EventRounds "11"]
[EventCountry "ENG"]
[Source "John Saunders"]
[SourceDate "2015.07.24"]

1. d4 Nf6 2. c4 g6 3. g3 Bg7 4. Bg2 O-O 5. Nc3 d6 6. Nf3 Nbd7 7. O-O e5 8. e4
c6 9. h3 Qa5 10. Re1 exd4 11. Nxd4 Ne5 12. Bf1 Re8 13. Nb3 Qb4 14. Bd2 Qb6 15.
Be3 Qc7 16. f4 Ned7 17. Qd3 b6 18. Rad1 Bf8 19. Bd4 a5 20. g4 d5 21. exd5 Rxe1
22. Rxe1 cxd5 23. Nxd5 Nxd5 24. cxd5 Qxf4 25. Qe3 Qd6 26. Bc3 Bb7 27. Bg2 a4
28. Nd4 Bxd5 29. Nf5 Qc5 30. Bxd5 Qxd5 31. Nh6+ Bxh6 32. Qxh6 f6 33. Qe3 Rf8
34. Qe6+ Qxe6 35. Rxe6 Rc8 36. Re7 Ne5 37. a3 Rc5 38. Kf2 h5 39. gxh5 gxh5 40.
Rb7 Nc4 41. Kf3 Rf5+ 42. Ke2 b5 43. h4 Nd6 44. Rd7 Nf7 45. Ke3 Kg7 46. Ke4 Rf1
47. Rd5 Kg6 48. Ke3 Nh6 49. Rxb5 Nf5+ 50. Kd3 Rf3+ 51. Ke2 Rf4 52. b4 Rxh4 53.
Rb8 Rh3 54. Rg8+ Kf7 55. Rc8 Nd6 56. Rc6 Ne4 57. Bd4 Rxa3 58. b5 Rb3 59. b6 a3
60. Rc8 h4 61. Rh8 Ng3+ 62. Kf2 Nf5 63. Bc5 Rb5 64. Ra8 a2 65. b7 Rxb7 66. Rxa2
Rb5 67. Ba7 Kg6 68. Kg2 Kh5 69. Bf2 Ne7 70. Ra7 Ng6 71. Be3 Kg4 72. Rg7 Rb2+
73. Kg1 Kf5 74. Rh7 Ne5 75. Bf2 Nf3+ 76. Kg2 Kg4 77. Rg7+ Ng5 0-1

[Event "GBR-ch 99th"]
[Site "North Shields"]
[Date "2012.07.31"]
[Round "8"]
[White "Hanley, James L"]
[Black "Coathup, Roger"]
[Result "1/2-1/2"]
[WhiteElo "2244"]
[BlackElo "2136"]
[PlyCount "133"]
[EventDate "2012.07.23"]
[EventType "swiss"]
[EventRounds "11"]
[EventCountry "ENG"]
[Source "John Saunders"]
[SourceDate "2015.07.24"]

1. e4 c5 2. Nf3 e6 3. d4 cxd4 4. Nxd4 a6 5. Bd3 Nf6 6. O-O Qc7 7. Qe2 d6 8. c4
g6 9. Nc3 Bg7 10. Nf3 O-O 11. Rd1 Nc6 12. h3 b6 13. Be3 Nd7 14. Rac1 Nce5 15.
b3 Bb7 16. Nxe5 Nxe5 17. Qd2 Rab8 18. Be2 Rfd8 19. f4 Nc6 20. Bf3 Ne7 21. Na4
Bc6 22. Qf2 Nc8 23. f5 Qb7 24. Qh4 f6 25. fxe6 Re8 26. Nc3 Rxe6 27. Nd5 Ne7 28.
Bd4 f5 29. Bxg7 Kxg7 30. Nxe7 Qxe7 31. Qxe7+ Rxe7 32. exf5 Bxf3 33. gxf3 gxf5
34. Rxd6 Re2 35. c5 bxc5 36. Rxc5 Rxa2 37. Rc7+ Kg8 38. Rdd7 Re8 39. Rg7+ Kh8
40. Rxh7+ Kg8 41. Rhg7+ Kh8 42. Kf1 f4 43. Rh7+ Kg8 44. Rhg7+ Kh8 45. Rge7 Rxe7
46. Rxe7 Rb2 47. Rb7 a5 48. Rb5 Kg7 49. h4 Kg6 50. Rxa5 Rxb3 51. Kg2 Rc3 52.
Rg5+ Kf6 53. Rg8 Rb3 54. Rf8+ Ke5 55. h5 Ra3 56. h6 Ra7 57. Kh3 Rh7 58. Kg4
Rxh6 59. Kg5 Re6 60. Rf5+ Kd6 61. Kxf4 Rg6 62. Ra5 Ke7 63. Rg5 Ra6 64. Rf5 Rg6
65. Ke5 Ra6 66. Kf4 Rg6 67. Ke4 1/2-1/2

[Event "GBR-ch 99th"]
[Site "North Shields"]
[Date "2012.07.31"]
[Round "8"]
[White "Holland, James P"]
[Black "Jackson, James P"]
[Result "1-0"]
[WhiteElo "2200"]
[BlackElo "2126"]
[PlyCount "99"]
[EventDate "2012.07.23"]
[EventType "swiss"]
[EventRounds "11"]
[EventCountry "ENG"]
[Source "John Saunders"]
[SourceDate "2015.07.24"]

1. d4 d5 2. c4 e6 3. Nc3 c5 4. cxd5 exd5 5. Nf3 Nc6 6. g3 Nf6 7. Bg2 Be7 8. O-O
O-O 9. Bg5 c4 10. Ne5 Be6 11. Nxc6 bxc6 12. b3 Qa5 13. Qd2 Kh8 14. bxc4 dxc4
15. Bxf6 Bxf6 16. Bxc6 Qb6 17. Bxa8 Qxd4 18. Qxd4 Bxd4 19. Bd5 Bxc3 20. Rac1
Bxd5 21. Rxc3 g6 22. Rd1 Be6 23. f3 Rb8 24. Rd2 Kg7 25. Kf2 Rb7 26. e4 h5 27.
Ke3 Kf6 28. f4 Rc7 29. Rf2 Bc8 30. Kd4 Be6 31. h3 Rd7+ 32. Ke3 Rc7 33. f5 gxf5
34. exf5 Bd7 35. Kd4 Bb5 36. Kd5 a6 37. a3 Rc8 38. Ke4 Re8+ 39. Kf4 Rd8 40. Re2
Rd1 41. g4 Rf1+ 42. Rf3 Rc1 43. g5+ Kg7 44. Re7 c3 45. g6 c2 46. Rxf7+ Kg8 47.
Rc7 Bd3 48. Rxd3 Rf1+ 49. Ke5 c1=Q 50. Rd8# 1-0

[Event "GBR-ch 99th"]
[Site "North Shields"]
[Date "2012.07.31"]
[Round "8"]
[White "Jain, Radha"]
[Black "Townsend, M Paul"]
[Result "0-1"]
[WhiteElo "1868"]
[BlackElo "2252"]
[PlyCount "90"]
[EventDate "2012.07.23"]
[EventType "swiss"]
[EventRounds "11"]
[EventCountry "ENG"]
[Source "John Saunders"]
[SourceDate "2015.07.24"]

1. d4 Nf6 2. c4 e6 3. Nf3 d5 4. Bg5 h6 5. Bh4 Bb4+ 6. Nc3 g5 7. Bg3 Ne4 8. Qc2
h5 9. h3 Nxg3 10. fxg3 Nc6 11. e3 Bd7 12. cxd5 exd5 13. Bb5 Qe7 14. Qd3 O-O-O
15. O-O-O Bxc3 16. Qxc3 Nb4 17. Bxd7+ Rxd7 18. Kb1 Qe4+ 19. Ka1 Nc2+ 20. Kb1
Nxe3+ 21. Rd3 Nc4 22. b3 Na3+ 23. Kb2 Nb5 24. Qd2 f6 25. Re1 Qf5 26. Rde3 Nd6
27. Qa5 Kb8 28. Nd2 Rdd8 29. Rf1 Qg6 30. Qxd5 Rhe8 31. Rxe8 Rxe8 32. Rf2 Qd3
33. Nc4 Nxc4+ 34. Qxc4 Qxg3 35. Rc2 Qd6 36. a4 a6 37. Qf7 Qxd4+ 38. Ka2 Qd8 39.
Qxh5 Re1 40. Qf7 Qd6 41. Qg8+ Ka7 42. Qc4 c6 43. Qc3 Qe5 44. Kb2 Kb6 45. Rf2
Rb1+ 0-1

[Event "GBR-ch 99th"]
[Site "North Shields"]
[Date "2012.07.31"]
[Round "8"]
[White "Kolbus, Dietmar"]
[Black "Waters, Clive L"]
[Result "1/2-1/2"]
[WhiteElo "2321"]
[BlackElo "2106"]
[PlyCount "83"]
[EventDate "2012.07.23"]
[EventType "swiss"]
[EventRounds "11"]
[EventCountry "ENG"]
[Source "John Saunders"]
[SourceDate "2015.07.24"]

1. f4 d5 2. Nf3 g6 3. e3 Bg7 4. Be2 Nh6 5. O-O O-O 6. d4 Nf5 7. c4 dxc4 8. Bxc4
c5 9. d5 Nd6 10. Be2 Bf5 11. Ne5 Nd7 12. Nxd7 Qxd7 13. g4 Be4 14. Nc3 Bxc3 15.
bxc3 c4 16. a4 Rac8 17. Ba3 h5 18. Bxd6 exd6 19. gxh5 Qh3 20. Bf3 Bd3 21. Rf2
Rce8 22. Qd2 Re7 23. hxg6 fxg6 24. Re1 Qh4 25. Bg2 Rh7 26. Bf3 Rf5 27. Rg2 Kf8
28. Rxg6 Rxf4 29. exf4 Bxg6 30. Re3 Rf7 31. Bg2 Qxf4 32. a5 Qf5 33. Qe1 b6 34.
axb6 axb6 35. Qh4 Kg7 36. Qd4+ Qf6 37. Qxf6+ Rxf6 38. Re7+ Rf7 39. Re6 Rf6 40.
Re7+ Rf7 41. Re6 Rf6 42. Re7+ 1/2-1/2

[Event "GBR-ch 99th"]
[Site "North Shields"]
[Date "2012.07.31"]
[Round "8"]
[White "Lenier, Jude"]
[Black "Murphy, Hugh"]
[Result "1-0"]
[WhiteElo "2016"]
[BlackElo "2180"]
[PlyCount "57"]
[EventDate "2012.07.23"]
[EventType "swiss"]
[EventRounds "11"]
[EventCountry "ENG"]
[Source "John Saunders"]
[SourceDate "2015.07.24"]

1. e4 c6 2. d4 d5 3. f3 Qb6 4. a4 e6 5. a5 Bb4+ 6. c3 Bxa5 7. Qa4 Qd8 8. Qxa5
b6 9. Qa4 dxe4 10. Bf4 Nf6 11. Bxb8 Rxb8 12. fxe4 O-O 13. Nd2 c5 14. Ngf3 Ng4
15. Ba6 cxd4 16. Qxd4 Qc7 17. Bxc8 Rbxc8 18. e5 h5 19. h3 Nh6 20. Qf4 Qc5 21.
Nd4 b5 22. Ne4 Qd5 23. O-O b4 24. Rxa7 bxc3 25. bxc3 Rc4 26. Qg5 Kh8 27. Nf6
Qc5 28. Nxh5 Rg8 29. Ra8 1-0

[Event "GBR-ch 99th"]
[Site "North Shields"]
[Date "2012.07.31"]
[Round "8"]
[White "Mackle, Dominic"]
[Black "Arkell, Keith C"]
[Result "0-1"]
[WhiteElo "2130"]
[BlackElo "2441"]
[PlyCount "80"]
[EventDate "2012.07.23"]
[EventType "swiss"]
[EventRounds "11"]
[EventCountry "ENG"]
[Source "John Saunders"]
[SourceDate "2015.07.24"]

1. d4 c5 2. d5 e5 3. e4 d6 4. f4 exf4 5. Bxf4 Ne7 6. Nf3 Ng6 7. Bg3 Be7 8. Nbd2
O-O 9. a4 Bg4 10. Be2 Bxf3 11. Nxf3 Bf6 12. c3 Qe7 13. Bd3 Nd7 14. O-O Nde5 15.
Bc2 Rfe8 16. a5 b5 17. axb6 axb6 18. Ba4 Rec8 19. Qe2 Ra5 20. Bb5 Rca8 21. Rxa5
Rxa5 22. Kh1 h6 23. h3 Ra2 24. Qc2 Qa7 25. Qb3 Ra1 26. Kh2 Rxf1 27. Bxf1 h5 28.
Nxe5 Bxe5 29. Bxe5 Nxe5 30. Be2 h4 31. Qb5 Kf8 32. b4 g6 33. Qa6 Qb8 34. Qa1
Kg7 35. Qc1 Qd8 36. Qe3 Qf6 37. Kg1 g5 38. bxc5 bxc5 39. Bf1 Qf4 40. Qxf4 gxf4
0-1

[Event "GBR-ch 99th"]
[Site "North Shields"]
[Date "2012.07.31"]
[Round "8"]
[White "Maroroa, Sue Yuchan"]
[Black "Walker, Nicholas P"]
[Result "1/2-1/2"]
[WhiteElo "2035"]
[BlackElo "2179"]
[PlyCount "123"]
[EventDate "2012.07.23"]
[EventType "swiss"]
[EventRounds "11"]
[EventCountry "ENG"]
[Source "John Saunders"]
[SourceDate "2015.07.24"]

1. d4 d5 2. c4 c6 3. Nc3 Nf6 4. Nf3 a6 5. e3 e6 6. a3 Nbd7 7. cxd5 exd5 8. Bd3
Bd6 9. O-O O-O 10. e4 dxe4 11. Nxe4 Nxe4 12. Bxe4 Nf6 13. Bc2 h6 14. h3 Be6 15.
Be3 Qa5 16. Nd2 Qh5 17. Ne4 Qxd1 18. Nxf6+ gxf6 19. Raxd1 Kg7 20. Rfe1 Rad8 21.
Rd3 f5 22. Bd2 Bd5 23. Rc3 Be6 24. Rf3 Rfe8 25. Bxf5 Bc7 26. Bxe6 Rxe6 27. Rxe6
fxe6 28. Bf4 Bxf4 29. Rxf4 Rd5 30. b4 a5 31. bxa5 Rxa5 32. Rf3 Rd5 33. Rb3 b5
34. Rc3 Kf6 35. Rxc6 Rxd4 36. Rc5 b4 37. axb4 Rxb4 38. g3 Rb3 39. Kg2 Ra3 40.
Rc4 Kf5 41. Rf4+ Kg6 42. Rf3 Ra2 43. Re3 Kf6 44. Kf3 Kf5 45. g4+ Kf6 46. Kg3
Kf7 47. f3 Kf6 48. Kh4 Ra5 49. f4 Rb5 50. Re5 Rb4 51. Rh5 Kg6 52. Kg3 Rb3+ 53.
Kg2 Ra3 54. Re5 Kf6 55. h4 Ra2+ 56. Kf3 Ra3+ 57. Re3 Ra6 58. g5+ Kg6 59. gxh6
Kxh6 60. Kg4 Kg6 61. Re5 Kf6 62. Kf3 1/2-1/2

[Event "GBR-ch 99th"]
[Site "North Shields"]
[Date "2012.07.31"]
[Round "8"]
[White "Mason, Donald"]
[Black "Combie, Alexander"]
[Result "1/2-1/2"]
[WhiteElo "2244"]
[BlackElo "2039"]
[PlyCount "83"]
[EventDate "2012.07.23"]
[EventType "swiss"]
[EventRounds "11"]
[EventCountry "ENG"]
[Source "John Saunders"]
[SourceDate "2015.07.24"]

1. e4 c5 2. Nc3 a6 3. f4 b5 4. Nf3 Bb7 5. d3 e6 6. Qe2 b4 7. Nd1 d5 8. Nf2 Nf6
9. e5 Nfd7 10. g3 Be7 11. Bg2 O-O 12. h4 Qb6 13. Ng5 Bxg5 14. hxg5 Re8 15. Qh5
Nf8 16. Ng4 Nbd7 17. Nf6+ Nxf6 18. gxf6 d4 19. fxg7 Bxg2 20. gxf8=Q+ Kxf8 21.
Rh2 Bd5 22. Qh6+ Ke7 23. Qf6+ Kd7 24. Rxh7 Qd8 25. Bd2 Qxf6 26. exf6 e5 27.
O-O-O e4 28. dxe4 Rxe4 29. g4 Ree8 30. g5 Rh8 31. Rxh8 Rxh8 32. f5 Be4 33. Rf1
d3 34. g6 fxg6 35. fxg6 Bxg6 36. cxd3 Bxd3 37. Rd1 Rh2 38. f7 Rf2 39. f8=Q Rxf8
40. Bxb4 cxb4 41. Rxd3+ Kc6 42. Kc2 1/2-1/2

[Event "GBR-ch 99th"]
[Site "North Shields"]
[Date "2012.07.31"]
[Round "8"]
[White "Osborne, Marcus E"]
[Black "Poobalasingam, Peter"]
[Result "1/2-1/2"]
[WhiteElo "2245"]
[BlackElo "2263"]
[PlyCount "109"]
[EventDate "2012.07.23"]
[EventType "swiss"]
[EventRounds "11"]
[EventCountry "ENG"]
[Source "John Saunders"]
[SourceDate "2015.07.24"]

1. d4 d5 2. c4 dxc4 3. Nf3 Nf6 4. e3 Bg4 5. Bxc4 e6 6. Qb3 Qc8 7. Ne5 Bh5 8. f4
c6 9. Nc3 b5 10. Bd3 a6 11. Ne4 Nbd7 12. Qc2 c5 13. Ng3 cxd4 14. Qxc8+ Rxc8 15.
Nxh5 Nxh5 16. Nxd7 Kxd7 17. exd4 Nf6 18. a4 Kc6 19. O-O Bb4 20. axb5+ axb5 21.
f5 Kb6 22. Bg5 Nd5 23. fxe6 fxe6 24. Rf7 h6 25. Bh4 Rc7 26. Rxc7 Nxc7 27. Bg3
Nd5 28. Be5 Rg8 29. Rf1 g5 30. Rf7 g4 31. Kf2 Ra8 32. Rh7 Bd2 33. Rh8 Rxh8 34.
Bxh8 Bf4 35. Bg7 Ka5 36. Be2 h5 37. h3 Be3+ 38. Kg3 gxh3 39. gxh3 Ne7 40. Bd3
Nf5+ 41. Bxf5 exf5 42. d5 Kb6 43. Bf8 Kb7 44. Bd6 Kc8 45. Bf4 Bd4 46. b3 Bf6
47. Be3 Be5+ 48. Bf4 Bf6 49. Bd2 Be5+ 50. Kf3 Kd7 51. Bb4 Ke8 52. Bc5 Kf7 53.
Ke3 Bh2 54. Kf3 Be5 55. Ke3 1/2-1/2

[Event "GBR-ch 99th"]
[Site "North Shields"]
[Date "2012.07.31"]
[Round "8"]
[White "Oswald, Graeme"]
[Black "Tambini, Jasper"]
[Result "1-0"]
[WhiteElo "2178"]
[BlackElo "1958"]
[PlyCount "107"]
[EventDate "2012.07.23"]
[EventType "swiss"]
[EventRounds "11"]
[EventCountry "ENG"]
[Source "John Saunders"]
[SourceDate "2015.07.24"]

1. g3 e5 2. Bg2 Nc6 3. c4 f5 4. Nc3 Nf6 5. e3 Bb4 6. Nge2 O-O 7. O-O Bxc3 8.
Nxc3 d6 9. d4 Qe7 10. Rb1 a5 11. a3 Qf7 12. Nd5 a4 13. Nxf6+ Qxf6 14. d5 Nb8
15. Bd2 Nd7 16. Bc3 Qh6 17. f4 Nf6 18. Qd2 e4 19. h3 Qg6 20. Kh2 b6 21. Rg1 Qh5
22. Bf1 Bd7 23. Be2 Qh6 24. Rh1 Kf7 25. h4 Rg8 26. Kg2 Nh5 27. Rbg1 Nf6 28. Qd4
Rgb8 29. Kf1 Qg6 30. h5 Qh6 31. Ke1 Re8 32. Kd1 Reb8 33. Kc1 Rf8 34. Rh4 Ke7
35. Qd2 Rf7 36. Qc2 Kf8 37. Bd4 g5 38. hxg6 Qxg6 39. Qc3 Ke7 40. Rgh1 Rg8 41.
Rh6 Nxd5 42. cxd5 Qxg3 43. Bf6+ Ke8 44. Bh5 Qf2 45. Bxf7+ Kxf7 46. Rxh7+ Ke8
47. Re7+ Kf8 48. Rxd7 Rg1+ 49. Rxg1 Qxg1+ 50. Kc2 Qf2+ 51. Kb1 Qf1+ 52. Ka2 Qb5
53. Rd8+ Kf7 54. Qxc7+ 1-0

[Event "GBR-ch 99th"]
[Site "North Shields"]
[Date "2012.07.31"]
[Round "8"]
[White "Shaw, Peter"]
[Black "Ledger, Stephen"]
[Result "1-0"]
[WhiteElo "2168"]
[BlackElo "2089"]
[PlyCount "131"]
[EventDate "2012.07.23"]
[EventType "swiss"]
[EventRounds "11"]
[EventCountry "ENG"]
[Source "John Saunders"]
[SourceDate "2015.07.24"]

1. d4 Nf6 2. c4 c5 3. d5 b5 4. cxb5 a6 5. bxa6 Bxa6 6. Nc3 g6 7. e4 Bxf1 8.
Kxf1 d6 9. Nf3 Nbd7 10. g3 Bg7 11. Kg2 O-O 12. a4 Qb6 13. Qe2 Rfb8 14. Nb5 Ne8
15. Bg5 h6 16. Bxe7 Rb7 17. Nd2 Ne5 18. f4 Rxe7 19. fxe5 Bxe5 20. Nc4 Qd8 21.
Rhf1 Nc7 22. Nxc7 Qxc7 23. a5 Rae8 24. a6 Bg7 25. a7 Ra8 26. Ra6 Rxa7 27. Rxa7
Qxa7 28. Nxd6 Qd7 29. Qa6 Bxb2 30. Qa8+ Kg7 31. Qc6 Qxc6 32. dxc6 Be5 33. c7
Rxc7 34. Ne8+ Kf8 35. Nxc7 Bxc7 36. g4 Be5 37. Rc1 Bd4 38. Kf3 g5 39. Rb1 Kg7
40. h3 Kg6 41. Rb6+ Kg7 42. Ke2 Bg1 43. Rc6 Bd4 44. Kd3 f6 45. Kc4 Kg6 46. Rc7
h5 47. Kd5 hxg4 48. hxg4 Bg1 49. Ke6 Be3 50. Kd5 Bf2 51. Kc4 Be3 52. Kb5 Bd4
53. Ka6 Kh6 54. Kb7 Kg6 55. Kc8 c4 56. Rxc4 Bb2 57. Rc7 Be5 58. Rd7 Bc3 59. Kc7
Be5+ 60. Kc6 Bc3 61. Kd5 Bb2 62. Ke6 Bc3 63. Rd8 Kg7 64. Kf5 Bb2 65. Rd7+ Kh6
66. Rf7 1-0

[Event "GBR-ch 99th"]
[Site "North Shields"]
[Date "2012.07.31"]
[Round "8"]
[White "Shaw, Robert"]
[Black "Harvey, Marcus Ross"]
[Result "1/2-1/2"]
[WhiteElo "2220"]
[BlackElo "2134"]
[PlyCount "88"]
[EventDate "2012.07.23"]
[EventType "swiss"]
[EventRounds "11"]
[EventCountry "ENG"]
[Source "John Saunders"]
[SourceDate "2015.07.24"]

1. e4 e6 2. d4 d5 3. Nc3 Nf6 4. Bg5 Be7 5. e5 Ne4 6. Bxe7 Qxe7 7. Nxe4 dxe4 8.
Qe2 b6 9. O-O-O Bb7 10. g3 Nd7 11. Bg2 f5 12. exf6 Nxf6 13. f3 exf3 14. Bxf3
O-O-O 15. Bxb7+ Kxb7 16. Nf3 Rhe8 17. Ne5 c6 18. Rhf1 Rf8 19. Rf3 Nd7 20. Re3
Nxe5 21. Rxe5 Rd6 22. c3 Qf6 23. Re1 Qh6+ 24. Qd2 Rf6 25. g4 Qg6 26. g5 Rf5 27.
Qe3 Rxe5 28. Qxe5 Rd5 29. Qxe6 Qxe6 30. Rxe6 Rxg5 31. Re7+ Kb8 32. Kd2 Rg2+ 33.
Re2 Rxe2+ 34. Kxe2 Kc7 35. Kf3 c5 36. dxc5 bxc5 37. Ke4 Kd6 38. b4 cxb4 39.
cxb4 Kc6 40. a4 Kd6 41. Kd4 g5 42. b5 g4 43. a5 h5 44. Ke4 h4 1/2-1/2

[Event "GBR-ch 99th"]
[Site "North Shields"]
[Date "2012.07.31"]
[Round "8"]
[White "Storey, Charles"]
[Black "Ledger, David"]
[Result "1-0"]
[WhiteElo "2247"]
[BlackElo "2246"]
[PlyCount "61"]
[EventDate "2012.07.23"]
[EventType "swiss"]
[EventRounds "11"]
[EventCountry "ENG"]
[Source "John Saunders"]
[SourceDate "2015.07.24"]

1. d4 Nf6 2. c4 g6 3. Nc3 Bg7 4. e4 d6 5. Nf3 O-O 6. Be2 e5 7. O-O Nc6 8. d5
Ne7 9. Ne1 Nd7 10. Be3 f5 11. f3 f4 12. Bf2 g5 13. Nd3 Rf6 14. c5 Rg6 15. cxd6
cxd6 16. Rc1 Nf6 17. Nb5 Ne8 18. Nxa7 Bd7 19. Qb3 Qb8 20. Qb6 h5 21. Rc3 g4 22.
Rfc1 Bh6 23. Ra3 gxf3 24. Bxf3 Bg4 25. Kf1 Nf6 26. h3 Qf8 27. Rc7 Bxf3 28. gxf3
Rg3 29. Qxd6 Ng6 30. Qe6+ Kh8 31. Rf7 1-0

[Event "GBR-ch 99th"]
[Site "North Shields"]
[Date "2012.07.31"]
[Round "8"]
[White "Varnam, Liam"]
[Black "Jaunooby, Ali Reza"]
[Result "1-0"]
[WhiteElo "2070"]
[BlackElo "2165"]
[PlyCount "121"]
[EventDate "2012.07.23"]
[EventType "swiss"]
[EventRounds "11"]
[EventCountry "ENG"]
[Source "John Saunders"]
[SourceDate "2015.07.24"]

1. e4 c5 2. Nf3 a6 3. c4 Nc6 4. d4 cxd4 5. Nxd4 Qb6 6. Nb3 e6 7. Be3 Qc7 8. Nc3
Nf6 9. f4 d6 10. Be2 Be7 11. O-O O-O 12. g4 b6 13. Rc1 Qb8 14. g5 Nd7 15. Rf3
Re8 16. Rh3 Bd8 17. Qe1 Ra7 18. Qh4 Nf8 19. Bd3 g6 20. Nd1 Nb4 21. Bb1 Rc7 22.
a3 Nc6 23. Nf2 h5 24. Nh1 f6 25. gxf6 Rf7 26. Qg3 Bxf6 27. Rxh5 Bxb2 28. Rc2
Bg7 29. Rg5 Bf6 30. Rg4 e5 31. f5 b5 32. c5 d5 33. Rg2 d4 34. Bh6 Ne7 35. fxg6
Rg7 36. Bxg7 Kxg7 37. h4 Ne6 38. h5 Rh8 39. Rh2 Rh6 40. Qf3 Nf4 41. Rg3 Be6 42.
Nf2 Bc4 43. Ng4 Rxh5 44. Rxh5 Nxh5 45. Rh3 Kxg6 46. Rxh5 Kxh5 47. Nxf6+ Kg6 48.
Nd7 Qg8 49. Qg3+ Kh6 50. Qxg8 Bxg8 51. Na5 Ng6 52. Nb8 Kg5 53. Nxa6 Kf4 54. Kf2
Bc4 55. Nb4 Kg4 56. Bd3 Ne7 57. Nxc4 bxc4 58. Bxc4 Kg5 59. c6 Nc8 60. Ba6 Nd6
61. Kf3 1-0

[Event "GBR-ch 99th"]
[Site "North Shields"]
[Date "2012.07.31"]
[Round "8"]
[White "Wadsworth, Matthew J"]
[Black "Brown, Martin"]
[Result "1/2-1/2"]
[WhiteElo "2037"]
[BlackElo "2224"]
[PlyCount "128"]
[EventDate "2012.07.23"]
[EventType "swiss"]
[EventRounds "11"]
[EventCountry "ENG"]
[Source "John Saunders"]
[SourceDate "2015.07.24"]

1. c4 e5 2. g3 Nf6 3. Bg2 d5 4. cxd5 Nxd5 5. Nf3 Nc6 6. O-O Nb6 7. d3 Be7 8.
Nbd2 O-O 9. a3 a5 10. b3 f5 11. Bb2 Bf6 12. Rc1 Qe8 13. Qc2 e4 14. dxe4 fxe4
15. Ne1 Bxb2 16. Qxb2 e3 17. Ne4 exf2+ 18. Rxf2 Rxf2 19. Nxf2 Be6 20. Ned3 Bd5
21. e4 Bf7 22. Nc5 Rb8 23. Nfd3 Nd7 24. e5 Nxc5 25. Rxc5 Qd7 26. Nf2 Nd4 27. b4
axb4 28. axb4 c6 29. Ne4 Nb3 30. Rc2 Qd1+ 31. Bf1 Nd4 32. Rf2 Nf3+ 33. Kh1 Qe1
34. Qe2 Qxe2 35. Rxe2 Nxe5 36. Nd6 Bd5+ 37. Bg2 Bxg2+ 38. Kxg2 Nf7 39. Nc4 Kf8
40. Nb6 Rd8 41. Ra2 Nd6 42. Na4 Ne4 43. Kf3 Rd4 44. Nc5 Nxc5 45. bxc5 Rb4 46.
Ke3 Ke7 47. Kd3 Kf6 48. Kc3 Rb5 49. Kc4 Kg5 50. Rf2 h5 51. Re2 Kg4 52. Re4+ Kf3
53. Rf4+ Kg2 54. Rh4 Ra5 55. Kb4 Rb5+ 56. Kc4 g6 57. g4 hxg4 58. Rxg4+ Kxh2 59.
Rxg6 Kh3 60. Rg7 Kh4 61. Kd4 Kh5 62. Kc4 Kh6 63. Rg1 Rb2 64. Kc3 Rb5 1/2-1/2

[Event "GBR-ch 99th"]
[Site "North Shields"]
[Date "2012.07.31"]
[Round "8"]
[White "Whitfield, Craig M"]
[Black "Surtees, Michael"]
[Result "0-1"]
[WhiteElo "2020"]
[BlackElo "2113"]
[PlyCount "102"]
[EventDate "2012.07.23"]
[EventType "swiss"]
[EventRounds "11"]
[EventCountry "ENG"]
[Source "John Saunders"]
[SourceDate "2015.07.24"]

1. e4 e6 2. d4 d5 3. Nc3 Bb4 4. exd5 exd5 5. Bd3 Nc6 6. Nge2 Bg4 7. Be3 Nge7 8.
f3 Bf5 9. a3 Bxc3+ 10. bxc3 Na5 11. Rb1 b6 12. Ng3 Qd7 13. Qe2 O-O 14. O-O Be6
15. Nh5 f6 16. Rbe1 Bf7 17. Nf4 Nf5 18. Bc1 Rfe8 19. Qf2 g5 20. Ne2 Bg6 21. f4
g4 22. h3 h5 23. Bxf5 Qxf5 24. Ng3 Qxc2 25. Qxc2 Bxc2 26. Nxh5 Kf7 27. hxg4 Bd3
28. g5 Bxf1 29. Rxf1 f5 30. g4 Rh8 31. Kg2 fxg4 32. Nf6 Rh3 33. Nxd5 Re8 34.
Ne3 Rexe3 35. Bxe3 Rxe3 36. f5 Nc4 37. Rh1 Rh3 38. Rxh3 gxh3+ 39. Kxh3 Ne3 40.
f6 Kg6 41. Kg3 b5 42. Kf4 Nd5+ 43. Ke5 Nxc3 44. d5 a5 45. Kd4 Na4 46. Kd3 Nc5+
47. Kd4 Nd7 48. d6 cxd6 49. Kd5 Nxf6+ 50. Kxd6 b4 51. Ke5 bxa3 0-1